| 000 | 01620cam a2200373 i 4500 | ||
|---|---|---|---|
| 001 | 41994 | ||
| 003 | Mx-PuUPA | ||
| 005 | 20250221090703.0 | ||
| 008 | 140415s2016 mx a gr 001 0 spa d | ||
| 020 | _a9786079459543 | ||
| 040 |
_aMx-PuUPA _bspa _cMx-PuUPA _dMx-PuUPA _erda |
||
| 041 | 0 | _aspa | |
| 110 | 2 |
_aCentro de Investigación y Acción Social, _eautor |
|
| 245 | 1 | 0 |
_aReconstrucción del tejido social : _buna apuesta por la paz / _cCentro de Investigación y Acción Social ; coordinadores, Gabriel Mendoza Zárate y Jorge Atilano González Candia ; colaboradores, Ana Lilia Zavaleta Rangel, Fernando Barajas Martínez, Genner Peniche Castro [y otros cinco] |
| 264 | 1 |
_aCiudad de México : _bCentro de Investigación y Acción Social por la Paz, _c2016 |
|
| 300 |
_a244 páginas : _bilustraciones ; _c23 cm |
||
| 336 |
_2rdacontent _atexto _btxt |
||
| 337 |
_2rdamedia _asin medio _bn |
||
| 338 |
_2rdacarrier _avolumen _bnc |
||
| 650 | 7 |
_2armarc _913986 _aConflicto social |
|
| 650 | 7 |
_2armarc _aCondiciones sociales |
|
| 650 | 7 |
_2Conflicto social _zMéxico |
|
| 651 | 4 |
_aMéxico _xCondiciones Sociales |
|
| 700 | 1 |
_aGonzález Candia, Jorge Atilano, _e coordinador |
|
| 700 | 1 |
_aMendoza Zárate, Gabriel, _ecoordinador |
|
| 700 | 1 |
_aBarajas Martínez, Fernando, _ecolaborador |
|
| 700 | 1 |
_aZavaleta Rangel, Ana Lilia, _ecolaborador |
|
| 700 | 1 |
_aPeniche Castro, Gemer, _ecolaborador |
|
| 942 |
_2ddc _cLI _h303.60972 _iM52 _n |
||
| 999 |
_c41994 _d41994 |
||